| 000 | 02093cam a2200613 i 4500 | ||
|---|---|---|---|
| 001 | 22307 | ||
| 003 | KOSZ 005 | ||
| 005 | 20250314115451.0 | ||
| 008 | 250306s1983 pl a g 001 0 pol | ||
| 015 | _aUWD 1983/8896 | ||
| 020 | _a830105140X | ||
| 035 | _a991009360309705066 | ||
| 035 | _a(PL-WaBN)b1253609x-48omnis_nlop | ||
| 035 | _ab1253609x | ||
| 035 | _a(OCoLC)169913360 | ||
| 035 | _azz2005801051 | ||
| 035 | _a(PL)b0000001253609 | ||
| 035 | _a(EXLNZ-48OMNIS_NETWORK)9910139926305606 | ||
| 040 |
_aWA N _cWA N _dKOSZ 005/RW |
||
| 041 | 0 |
_apol _bger |
|
| 045 |
_bd1918 _bd1919 |
||
| 046 | _k1978 | ||
| 080 | _a94(438).081 | ||
| 080 | _a355.4(438:430)"19" | ||
| 245 | 0 | 0 |
_aPowstanie Wielkopolskie 1918-1919 : _bzarys dziejów / _cAntoni Czubiński, Zdzisław Grot, Benon Miśkiewicz. |
| 250 | _aWydanie II. | ||
| 260 |
_aWarszawa ; _aPoznań : _bPaństwowe Wydawnictwo Naukowe, _c1983. |
||
| 300 |
_a547, [1] stron : _bfotografie, mapy, portrety ; _c25 cm. |
||
| 336 |
_aTekst _btxt _2rdacontent |
||
| 337 |
_aBez urządzenia pośredniczącego _bn _2rdamedia |
||
| 338 |
_aWolumin _bnc _2rdacarrier |
||
| 380 | _aKsiążki | ||
| 380 | _aPublikacje popularnonaukowe | ||
| 388 | 1 | _a1901-2000 | |
| 388 | 1 | _a1945-1989 | |
| 504 | _aBibliografia na stronach 6-[8]. Indeksy. | ||
| 546 | _aStreszczenie w języku niemieckim. | ||
| 648 | 7 | _a1901-2000 | |
| 648 | 7 | _a1918-1939 | |
| 650 | 7 |
_aPowstanie wielkopolskie (1918-1919) _2DBN |
|
| 651 | 7 | _aNiemcy | |
| 651 | 7 | _aPolska | |
| 651 | 7 | _aWielkopolska | |
| 655 | 7 | _aOpracowanie | |
| 658 | _aBezpieczeństwo i wojskowość | ||
| 658 | _aHistoria | ||
| 700 | 1 |
_aCzubiński, Antoni _d(1928-2003) _eAutor |
|
| 700 | 1 |
_aGrot, Zdzisław _d(1903-1984) _eAutor |
|
| 700 | 1 |
_aMiśkiewicz, Benon _d(1930-2008) _eAutor |
|
| 710 | 2 |
_aPaństwowe Wydawnictwo Naukowe _4pbl |
|
| 856 |
_uhttps://koha.tu.koszalin.pl/cgi-bin/koha/opac-detail.pl?biblionumber=22307 _yKatalog online BPK |
||
| 942 |
_2UKD _cKS |
||
| 999 |
_c22307 _d22307 |
||